[Event "Mondiale Lampo FIDE 2022"]
[Site "Alma Ata"]
[Date "29.12.2022"]
[Round "4.81"]
[White "Nissinen, Niilo Man"]
[Black "Kostenko, Petr"]
[Result "0-1"]
[WhiteTitle ""]
[BlackTitle ""]
[WhiteElo "1996"]
[BlackElo "2374"]
[WhiteFideId "30950767"]
[BlackFideId "13700669"]
[EventDate "29.12.2022"]

1. e4 c6 2. d4 d5 3. Nc3 dxe4 4. Nxe4 Nf6 5. Nxf6+ exf6 6. c3 Bd6 7. Bd3 Na6 8.
Ne2 Nc7 9. O-O O-O 10. Qc2 g6 11. Bf4 Nd5 12. Bxd6 Qxd6 13. a3 Bg4 14. c4 Bxe2
15. Bxe2 Nf4 16. Rad1 Rad8 17. Bf3 f5 18. Qb3 Qc7 19. g3 Nh3+ 20. Kg2 Ng5 21. d5
f4 22. h4 Nxf3 23. Qxf3 cxd5 24. cxd5 fxg3 25. fxg3 Rd6 26. Rf2 Rfd8 27. Rfd2
Qe7 28. Re2 Qf8 29. h5 a6 30. hxg6 hxg6 31. Red2 Qg7 32. Qc3 Qxc3 33. bxc3 Rc8
34. Rd3 Rc4 35. Kf3 Kg7 36. Rb1 b5 37. Rb4 Rc5 38. Rbd4 f5 39. a4 Kf6 40. axb5
axb5 41. Kf4 g5+ 42. Kf3 Rc7 43. Ke2 Re7+ 44. Kd2 Re5 45. Kc2 Re4 46. Kb3 Ke5
47. Kb4 Rxd4+ 48. Rxd4 f4 49. gxf4+ gxf4 50. Kxb5 Rxd5+ 51. Rxd5+ Kxd5 52. c4+
Ke6 53. Kb6 f3 54. c5 f2 55. c6 f1=Q 56. c7 Ke5 0-1

[Event "Mondiale Lampo FIDE 2022"]
[Site "Alma Ata"]
[Date "29.12.2022"]
[Round "4.82"]
[White "Narayanan, Srinath"]
[Black "Tologon tegin, Semetei"]
[Result "0-1"]
[WhiteTitle ""]
[BlackTitle ""]
[WhiteElo "2559"]
[BlackElo "2394"]
[WhiteFideId "5018420"]
[BlackFideId "13800574"]
[EventDate "29.12.2022"]

1. Nf3 Nf6 2. c4 e6 3. d4 Bb4+ 4. Nbd2 b6 5. g3 Ba6 6. Qc2 c5 7. a3 Ba5 8. Bg2
Bb7 9. dxc5 bxc5 10. O-O O-O 11. b3 d6 12. Bb2 Nbd7 13. Rad1 Qe7 14. Qb1 Rab8
15. Qd3 Rfd8 16. Ng5 Bxg2 17. Kxg2 h6 18. Nge4 Bxd2 19. Nxd2 d5 20. cxd5 exd5
21. e3 Qe6 22. Qc2 Rdc8 23. Rfe1 Rc6 24. e4 dxe4 25. Ba1 Rcb6 26. Nxe4 Qxb3 27.
Nxf6+ Nxf6 28. Qxc5 Qa4 29. Kg1 Ra6 30. Qc7 Rf8 31. Rd3 Qb5 32. Rd8 Rxd8 33.
Qxd8+ Kh7 34. Qe7 Qc4 35. Bxf6 Rxf6 36. Qxa7 Ra6 37. Qe7 Qb3 38. Qe4+ g6 39. Re3
Qb2 40. Rf3 Kg7 41. Rxf7+ Kxf7 42. Qc4+ Re6 43. Qc7+ Re7 44. Qf4+ Kg7 45. a4
Qa1+ 46. Kg2 Qe5 47. Qc1 Qe4+ 48. Kh3 Kh7 0-1

[Event "Mondiale Lampo FIDE 2022"]
[Site "Alma Ata"]
[Date "29.12.2022"]
[Round "4.83"]
[White "Uskov, Artem"]
[Black "Averin, Nikolay"]
[Result "1/2-1/2"]
[WhiteTitle ""]
[BlackTitle ""]
[WhiteElo "2376"]
[BlackElo "2342"]
[WhiteFideId "34254854"]
[BlackFideId "24250473"]
[EventDate "29.12.2022"]

1. e4 c5 2. Nf3 d6 3. d4 cxd4 4. Nxd4 Nf6 5. Nc3 a6 6. Bg5 Nbd7 7. Bc4 Qb6 8.
Bb3 e6 9. Be3 Nc5 10. f3 Qc7 1/2-1/2

[Event "Mondiale Lampo FIDE 2022"]
[Site "Alma Ata"]
[Date "29.12.2022"]
[Round "4.84"]
[White "Shishkov, Andrei"]
[Black "Korelskiy, Egor"]
[Result "0-1"]
[WhiteTitle ""]
[BlackTitle ""]
[WhiteElo "2340"]
[BlackElo "2153"]
[WhiteFideId "4500563"]
[BlackFideId "34329064"]
[EventDate "29.12.2022"]

1. e4 e5 2. Nf3 Nf6 3. Nc3 Nc6 4. d4 exd4 5. Nxd4 Bb4 6. Nxc6 bxc6 7. Bd3 O-O 8.
O-O d5 9. exd5 Bg4 10. Ne2 cxd5 11. h3 Bh5 12. c3 Be7 13. Bf4 Qd7 14. Qc2 Bg6
15. Ng3 Rfe8 16. Nf5 Bf8 17. Rad1 c5 18. Ne3 Qc6 19. Bxg6 hxg6 20. Bg5 Re5 21.
Bxf6 gxf6 22. Qd3 c4 23. Qc2 Bc5 24. Ng4 Re6 25. Rd2 f5 26. Nh2 Rd8 27. Nf3 Kg7
28. b4 cxb3 29. axb3 Bb6 30. Qb2 Kg8 31. Rfd1 Red6 32. Rd3 a5 33. Qd2 Kg7 34.
Qg5 Qc5 35. Nd4 Rf6 36. Rf3 Qc8 37. g4 Bxd4 38. Rxd4 Qe6 39. Rdf4 Qe5 40. gxf5
Rh8 41. Re3 Qb8 42. Rff3 Rh5 43. Qg4 Rhxf5 44. Qd4 Kh7 45. Qxf6 Rxf6 46. Rxf6
Qxb3 47. Rxf7+ Kh6 48. Ree7 Qxc3 49. h4 Kh5 50. Rh7+ Kg4 51. Re3 Qf6 52. Kg2 Qd6
53. Rg3+ Kf5 54. Rf7+ Ke5 55. Rff3 Qb4 56. Rg5+ Kd6 57. Rxg6+ Kc5 58. h5 Qh4 59.
Rh3 Qe4+ 60. Kg1 a4 61. Rgg3 d4 62. h6 Qb1+ 63. Kg2 Qe4+ 64. Kh2 Qf4 65. Kg1
Qc1+ 66. Kg2 a3 67. Rxa3 Qg5+ 68. Rag3 Qd5+ 69. Kh2 Qf5 70. Kg1 Qh7 71. Rg7 Qb1+
72. Kg2 Qe4+ 73. Rf3 Qe5 74. Rgg3 Qh5 75. Rh3 Qg4+ 76. Rfg3 Qe4+ 77. Kh2 Qf4 78.
Kg1 Qc1+ 79. Kg2 d3 80. Rxd3 Qg5+ 81. Rdg3 Qd5+ 82. Kh2 Qf5 83. Rf3 Qe5+ 84.
Rfg3 Qf5 85. Kg1 Qh7 86. Rh5+ Kd4 87. Rg4+ Kd3 88. Rh3+ Ke2 89. Re3+ Kd2 90. Rh3
Ke2 91. Rgg3 Qb1+ 92. Kh2 Qh7 93. Rg7 Qf5 94. h7 Qf4+ 0-1

[Event "Mondiale Lampo FIDE 2022"]
[Site "Alma Ata"]
[Date "29.12.2022"]
[Round "4.85"]
[White "Khripachenko, Alexander"]
[Black "Suyarov, Mukhammadzokhid"]
[Result "1-0"]
[WhiteTitle ""]
[BlackTitle ""]
[WhiteElo "2219"]
[BlackElo "2299"]
[WhiteFideId "54184975"]
[BlackFideId "14210495"]
[EventDate "29.12.2022"]

1. e4 e6 2. d4 d5 3. Nd2 h6 4. Ngf3 Nf6 5. Bd3 c5 6. exd5 Nxd5 7. O-O Nc6 8.
dxc5 Bxc5 9. Ne4 Be7 10. Qe2 O-O 11. Rd1 Qc7 12. Ng3 Nf6 13. a3 b6 14. b4 Bb7
15. Bb2 Rfd8 16. Re1 Rd7 17. b5 Na5 18. Ne5 Rdd8 19. Nxf7 Kxf7 20. Qxe6+ Kf8 21.
Nf5 Re8 22. Nh4 Red8 23. Ng6+ Ke8 24. Qxe7+ 1-0

[Event "Mondiale Lampo FIDE 2022"]
[Site "Alma Ata"]
[Date "29.12.2022"]
[Round "4.87"]
[White "Begmuratov, Khumoyun"]
[Black "Degenbaev, Aziz"]
[Result "0-1"]
[WhiteTitle ""]
[WhiteElo "2399"]
[BlackElo "2139"]
[WhiteFideId "14210207"]
[BlackFideId "13802640"]
[EventDate "29.12.2022"]

1. e4 c5 2. Nc3 d6 3. Bb5+ Bd7 4. Bxd7+ Nxd7 5. d3 Ngf6 6. Nge2 g6 7. O-O Bg7 8.
Bg5 O-O 9. Qd2 Re8 10. a4 Rc8 11. h3 a6 12. a5 Ne5 13. Bxf6 Bxf6 14. Nd5 Bg7 15.
c3 Nc6 16. Nb6 Rb8 17. Nc4 e6 18. d4 d5 19. exd5 exd5 20. Nb6 cxd4 21. cxd4 Qd6
22. Rfe1 Rbd8 23. Rad1 Re4 24. Nc3 Rxd4 25. Qc2 Rxd1 26. Rxd1 d4 27. Ne4 d3 28.
Qd2 Qd4 29. Ng3 Qxb2 30. Qf4 Qc2 31. Rd2 Qc1+ 32. Kh2 Nxa5 33. Ne4 Nc6 34. g3
Qe1 35. Na4 Be5 36. Qh4 Rd4 37. Nac3 h5 38. Qg5 Kg7 39. f4 f6 40. Qh4 Rxe4 41.
Nxe4 Qxe4 42. fxe5 Qxh4 43. gxh4 Nxe5 44. Kg3 Kf7 45. Kf4 Ke6 46. Ke4 f5+ 47.
Kf4 Kd5 48. Ra2 Nc4 49. Kf3 Kd4 50. Ra1 a5 51. Rg1 a4 52. Ra1 a3 53. Kf2 b5 54.
Ke1 b4 55. Kd1 b3 56. Rb1 a2 57. Ra1 b2 0-1

[Event "Mondiale Lampo FIDE 2022"]
[Site "Alma Ata"]
[Date "29.12.2022"]
[Round "5.1"]
[White "Duda, Jan-Krzysztof"]
[Black "Carlsen, Magnus"]
[Result "0-1"]
[WhiteTitle ""]
[BlackTitle ""]
[WhiteElo "2729"]
[BlackElo "2859"]
[WhiteFideId "1170546"]
[BlackFideId "1503014"]
[EventDate "29.12.2022"]

1. d4 g6 2. e4 Bg7 3. Nf3 d6 4. Bd3 Nc6 5. c3 Nf6 6. O-O O-O 7. h3 e5 8. dxe5
Nxe5 9. Nxe5 dxe5 10. Be3 b6 11. Qc2 Qe7 12. Nd2 Rd8 13. Rfd1 a5 14. Bg5 h6 15.
Bh4 Be6 16. a4 Qc5 17. Nb3 Qc6 18. f3 Bc4 19. Bxc4 Qxc4 20. Rd2 Rxd2 21. Nxd2
Qc6 22. Nf1 Rd8 23. Ne3 Bf8 24. Nd5 Bc5+ 25. Kh1 g5 26. Nxf6+ Qxf6 27. Be1 Qd6
28. b4 Be3 29. Qe2 Qd3 30. Qxd3 Rxd3 31. bxa5 bxa5 32. h4 c5 33. c4 Bd4 34. Rc1
Ra3 35. Bxa5 Rxa4 36. Bd8 Be3 37. Rc3 Bf4 38. Kg1 Bg3 39. Rc1 gxh4 40. Bb6 Bf4
41. Rc2 Be3+ 42. Kh2 Ra1 43. Bd8 Bf4+ 44. Kh3 h5 45. g3 hxg3 46. Kg2 Kg7 47. Be7
Kg6 48. Rb2 Rc1 49. Bxc5 h4 50. Kh3 Rh1+ 51. Kg4 h3 52. Rb6+ f6 53. Be7 g2 54.
Rxf6+ Kg7 0-1

[Event "Mondiale Lampo FIDE 2022"]
[Site "Alma Ata"]
[Date "29.12.2022"]
[Round "5.3"]
[White "Yu, Yangyi"]
[Black "Lazavik, Denis"]
[Result "1-0"]
[WhiteTitle ""]
[BlackTitle ""]
[WhiteElo "2728"]
[BlackElo "2537"]
[WhiteFideId "8603820"]
[BlackFideId "13515110"]
[EventDate "29.12.2022"]

1. d4 Nf6 2. c4 e6 3. Nf3 d5 4. Nc3 Be7 5. Bf4 O-O 6. e3 Nbd7 7. Be2 dxc4 8.
Bxc4 a6 9. a4 c5 10. dxc5 Nxc5 11. Qc2 Qa5 12. O-O Bd7 13. Ne5 Rfc8 14. b4 Qxb4
15. a5 Nb3 16. Rab1 Qxa5 17. Qxb3 b5 18. Nxd7 bxc4 19. Qa4 Qxc3 20. Nb6 Qd3 21.
Rfd1 Qe4 22. Nxc8 Rxc8 23. Qxa6 Rf8 24. Rbc1 Nd5 25. Qxc4 Qg6 26. Bg3 h5 27. Qd3
Qg5 28. h3 h4 29. Bh2 Ra8 30. Qe4 Bf6 31. Bf4 Qh5 32. Bh2 g6 33. Qf3 Qxf3 34.
gxf3 Ra2 35. Rc4 Kg7 36. Rdc1 Rb2 37. R4c2 Rb3 38. Rc4 Rb2 39. R4c2 Rb3 40. Bd6
Nc3 41. Kg2 Nd5 42. Bc5 Rd3 43. Rc4 Rd2 44. R4c2 Rd3 45. Kf1 Rb3 46. Rd1 Be5 47.
Bd4 Bxd4 48. Rxd4 g5 49. Kg2 Kf6 50. Rdc4 Ra3 51. Rd4 Rb3 52. Rc6 Ne7 53. Rc7
Nd5 54. Rc2 Ra3 55. Rdc4 Rb3 56. Ra2 Rd3 57. Rcc2 Rb3 58. Rab2 Ra3 59. Rd2 Rc3
60. Rb7 Ra3 61. Rdb2 Rc3 62. Ra2 Kg6 63. Rba7 Kf6 64. Rd7 Kg6 65. Rb7 Rd3 66.
Raa7 f5 67. Ra6 Kf6 68. Rb2 Nc3 69. Rb3 g4 70. fxg4 fxg4 71. hxg4 h3+ 72. Kxh3 1-0

[Event "Mondiale Lampo FIDE 2022"]
[Site "Alma Ata"]
[Date "29.12.2022"]
[Round "5.5"]
[White "Vachier-Lagrave, Maxime"]
[Black "Dragnev, Valentin"]
[Result "1-0"]
[WhiteTitle ""]
[BlackTitle ""]
[WhiteElo "2737"]
[BlackElo "2556"]
[WhiteFideId "623539"]
[BlackFideId "1634852"]
[EventDate "29.12.2022"]

1. e4 e5 2. Nf3 Nf6 3. Nxe5 d6 4. Nd3 Nxe4 5. Nf4 Nf6 6. d4 Be7 7. Bd3 O-O 8.
O-O Nc6 9. c3 Re8 10. Re1 Bf8 11. Rxe8 Qxe8 12. Nd2 Ne7 13. Nf1 Bf5 14. Be2 Ng6
15. Ng3 Nxf4 16. Bxf4 Be6 17. c4 d5 18. c5 Qd7 19. Qc2 c6 20. h3 g6 21. Bd3 Bg7
22. Be5 Ne8 23. Re1 Bxe5 24. Rxe5 Ng7 25. h4 f6 26. Re3 Bf7 27. h5 f5 28. Re5
Re8 29. Qe2 Ne6 30. hxg6 hxg6 31. Bxf5 gxf5 32. Nxf5 Ng7 33. Qg4 Be6 34. Nh6+
Kh7 35. Qh4 Qe7 36. Rg5 Qxg5 37. Qxg5 Bd7 38. Ng4 Bxg4 39. Qxg4 Re4 40. Qd7 Rxd4
41. Qxb7 Rd1+ 42. Kh2 d4 43. Qxc6 d3 44. Qe4+ Kh6 45. Qh4+ 1-0

[Event "Mondiale Lampo FIDE 2022"]
[Site "Alma Ata"]
[Date "29.12.2022"]
[Round "5.6"]
[White "Caruana, Fabiano"]
[Black "Predke, Alexandr"]
[Result "1-0"]
[WhiteTitle ""]
[BlackTitle ""]
[WhiteElo "2766"]
[BlackElo "2684"]
[WhiteFideId "2020009"]
[BlackFideId "24107581"]
[EventDate "29.12.2022"]

1. Nf3 d5 2. b3 Nf6 3. Bb2 e6 4. e3 Be7 5. c4 O-O 6. d4 c5 7. dxc5 Bxc5 8. cxd5
exd5 9. Be2 Nc6 10. O-O a6 11. Nc3 Bg4 12. Rc1 Ba7 13. Na4 Qe7 14. h3 Bh5 15.
Bxf6 Qxf6 16. Qxd5 Bg6 17. Qg5 Qd6 18. Nc5 h6 19. Nxb7 Qb4 20. Qd5 Be4 21. Qc4
Qe7 22. Nd6 Bxf3 23. Nf5 Qa3 24. Bxf3 Ne5 25. Qf4 Nxf3+ 26. Qxf3 Qxa2 27. Qg3 g6
28. Nxh6+ Kh7 29. Qh4 Kg7 30. Ng4 Rh8 31. Qf6+ Kg8 1-0

[Event "Mondiale Lampo FIDE 2022"]
[Site "Alma Ata"]
[Date "29.12.2022"]
[Round "5.7"]
[White "Shankland, Sam"]
[Black "Artemiev, Vladislav"]
[Result "1/2-1/2"]
[WhiteTitle ""]
[BlackTitle ""]
[WhiteElo "2710"]
[BlackElo "2701"]
[WhiteFideId "2004887"]
[BlackFideId "24101605"]
[EventDate "29.12.2022"]

1. d4 Nf6 2. c4 e6 3. Nc3 d5 4. Nf3 Nbd7 5. Bg5 h6 6. Bh4 Be7 7. cxd5 exd5 8. e3
c6 9. Bd3 O-O 10. O-O Ne4 11. Bxe7 Qxe7 12. Qc2 Re8 13. b4 Ndf6 14. b5 cxb5 15.
Bxb5 Bd7 16. Bxd7 Qxd7 17. Nxe4 Nxe4 18. Rac1 Rac8 19. Qb3 f6 20. a4 Rc6 21.
Rxc6 Qxc6 22. h4 b6 23. Ra1 Rc8 24. h5 Kh7 25. Rf1 Rc7 26. Nh4 Qe6 27. Qd1 Nc3
28. Qf3 Qe4 29. Qxe4+ Nxe4 30. Nf5 Rc4 31. Ra1 Nc3 32. Ne7 a5 33. g4 Rxa4 34.
Rxa4 Nxa4 35. Nxd5 b5 36. Kf1 Nb2 37. Ke2 Kg8 38. Kd2 Kf7 39. Kc2 Nc4 40. e4 b4
41. Kd3 Nb2+ 42. Kc2 Nc4 43. Kd3 Nd6 44. f3 Nb5 45. Kc4 Na3+ 46. Kb3 Nb5 47. Kc4
Na3+ 48. Kb3 Nb5 49. Kc4 1/2-1/2

[Event "Mondiale Lampo FIDE 2022"]
[Site "Alma Ata"]
[Date "29.12.2022"]
[Round "5.10"]
[White "Yudin, Sergei"]
[Black "Fedoseev, Vladimir3"]
[Result "0-1"]
[WhiteTitle ""]
[BlackTitle ""]
[WhiteElo "2469"]
[BlackElo "2688"]
[WhiteFideId "4159659"]
[BlackFideId "24130737"]
[EventDate "29.12.2022"]

1. e4 c5 2. Nf3 e6 3. c3 Nf6 4. e5 Nd5 5. g3 d6 6. exd6 Bxd6 7. Bg2 O-O 8. O-O
Nf6 9. d4 cxd4 10. Nxd4 a6 11. c4 Qc7 12. Qe2 e5 13. Nc2 Bg4 14. f3 Be6 15. b3
Nc6 16. Bb2 Rfe8 17. Kh1 Bf5 18. Ne3 Nd4 19. Qf2 Bc5 20. Qe1 Bd3 21. Rf2 e4 22.
f4 Nf3 23. Qc1 Bxe3 24. Qxe3 Ng4 0-1

[Event "Mondiale Lampo FIDE 2022"]
[Site "Alma Ata"]
[Date "29.12.2022"]
[Round "5.11"]
[White "Mamedyarov, Shakhriyar"]
[Black "Ivic, Velimir"]
[Result "1-0"]
[WhiteTitle ""]
[BlackTitle ""]
[WhiteElo "2740"]
[BlackElo "2572"]
[WhiteFideId "13401319"]
[BlackFideId "950122"]
[EventDate "29.12.2022"]

1. d4 Nf6 2. c4 g6 3. g3 c6 4. Nf3 d5 5. Bg2 Bg7 6. O-O O-O 7. a4 a5 8. cxd5
cxd5 9. Qb3 Nc6 10. Bf4 Nh5 11. Be3 Nf6 12. Na3 Ne4 13. Rac1 e6 14. Rfd1 Nb4 15.
Nc2 Nc6 16. Bf4 g5 17. Be3 h6 18. Ne5 Nd6 19. f4 f6 20. Nd3 Qe7 21. Na3 Nf5 22.
Nc5 b6 23. Nxe6 Bxe6 24. Rxc6 Bd7 25. Rc3 Rae8 26. Bf2 gxf4 27. gxf4 Qxe2 28.
Bf3 Qe7 29. Rc7 Kh8 30. Qxd5 Rd8 31. Re1 Qb4 32. Rxd7 Rxd7 33. Qxd7 1-0

[Event "Mondiale Lampo FIDE 2022"]
[Site "Alma Ata"]
[Date "29.12.2022"]
[Round "5.12"]
[White "Nihal, Sarin"]
[Black "Adly, Ahmed"]
[Result "1-0"]
[WhiteTitle ""]
[BlackTitle ""]
[WhiteElo "2670"]
[BlackElo "2596"]
[WhiteFideId "25092340"]
[BlackFideId "10601619"]
[EventDate "29.12.2022"]

1. d4 Nf6 2. Nf3 e6 3. Bf4 b6 4. e3 Bb7 5. Nbd2 d6 6. h3 Nbd7 7. a4 a6 8. Be2 g6
9. O-O Bg7 10. c3 O-O 11. Bh2 Ne4 12. Nxe4 Bxe4 13. Nd2 Bb7 14. Bf3 Bxf3 15.
Qxf3 d5 16. e4 c6 17. Rfe1 b5 18. a5 Nf6 19. Be5 Nxe4 20. Nxe4 dxe4 21. Rxe4 Qd5
22. Bxg7 Kxg7 23. Qe2 Rfd8 24. Re5 Qd6 25. h4 Qe7 26. h5 Rd5 27. b4 Rad8 28. Re1
Qf6 29. Qe3 gxh5 30. Qh3 Rxe5 31. Rxe5 Rd5 32. Rxh5 Qg6 33. Rh4 h5 34. Qf3 e5
35. Qxh5 Qxh5 36. Rxh5 f6 37. g4 Kg6 38. Kg2 Rd8 39. dxe5 Rd3 40. exf6 Rxc3 41.
Rf5 Rc4 42. f7 Rxg4+ 43. Kf3 1-0

[Event "Mondiale Lampo FIDE 2022"]
[Site "Alma Ata"]
[Date "29.12.2022"]
[Round "5.13"]
[White "Tomashevsky, Evgeny"]
[Black "Riazantsev, Alexander"]
[Result "1/2-1/2"]
[WhiteTitle ""]
[BlackTitle ""]
[WhiteElo "2694"]
[BlackElo "2626"]
[WhiteFideId "4147235"]
[BlackFideId "4125029"]
[EventDate "29.12.2022"]

1. d4 Nf6 2. c4 e6 3. Nf3 d5 4. Nc3 Be7 5. Bf4 O-O 6. e3 Nbd7 7. a3 c5 8. cxd5
Nxd5 9. Nxd5 exd5 10. dxc5 Nxc5 11. Be2 Bf5 12. Be5 Bf6 13. Bxf6 Qxf6 14. Qd4
Qd6 15. Rd1 Rfd8 16. Qd2 Ne6 17. O-O Rac8 18. Rc1 h6 19. Nd4 Be4 20. Bg4 a6 21.
f3 Bg6 22. Bxe6 fxe6 23. f4 e5 24. fxe5 Qxe5 25. h3 Be4 26. Ne2 Qg5 27. Nc3 Qg6
28. Rcd1 Rd6 29. Rf2 Rcd8 30. Qd4 Kh7 31. Rdf1 R6d7 32. Rd1 Re8 33. Rdf1 Red8
34. Kh2 Re8 35. Kg1 Red8 36. Kh2 1/2-1/2

[Event "Mondiale Lampo FIDE 2022"]
[Site "Alma Ata"]
[Date "29.12.2022"]
[Round "5.14"]
[White "Petrosyan, Manuel"]
[Black "Abdusattorov, Nodirbek"]
[Result "1/2-1/2"]
[WhiteTitle ""]
[BlackTitle ""]
[WhiteElo "2621"]
[BlackElo "2713"]
[WhiteFideId "13300857"]
[BlackFideId "14204118"]
[EventDate "29.12.2022"]

1. d4 d5 2. Bf4 c5 3. e3 Nc6 4. Nf3 Nf6 5. Nbd2 cxd4 6. exd4 Bf5 7. c3 e6 8. Qb3
Qc8 9. Nh4 Be4 10. Nxe4 dxe4 11. g3 Be7 12. Ng2 Nd5 13. Bc4 Qd7 14. Bxd5 exd5
15. h4 O-O 16. Bg5 Na5 17. Qd1 Nc4 18. Qe2 Rac8 19. Bxe7 Qxe7 20. Ne3 Nxe3 21.
fxe3 f5 22. O-O g6 23. Kh2 Rc6 24. Rf2 a6 25. Raf1 Kg7 26. Rf4 b5 27. a3 Rcf6
28. Qg2 R6f7 29. Qh3 a5 30. Kh1 h5 31. Qg2 b4 32. axb4 axb4 33. Qc2 Rc8 34. R4f2
Qd6 35. Kg2 Rfc7 36. Rc1 bxc3 37. bxc3 Qa3 38. Qb2 Qxb2 39. Rxb2 Rxc3 40. Rb7+
Kh6 41. Rxc3 Rxc3 42. Kf2 Rc2+ 43. Kf1 Rc6 44. Rf7 Rd6 45. Kf2 Rd8 46. Kf1 Rc8
47. Rd7 g5 48. Rd6+ Kg7 49. hxg5 Rc3 50. Kf2 Rc2+ 51. Kf1 Rd2 52. Rf6 Rd1+ 53.
Ke2 Ra1 54. Rxf5 Ra2+ 55. Kf1 Ra5 56. Rf6 Ra3 57. Kf2 Ra2+ 58. Kf1 Ra3 59. Kf2
Ra2+ 60. Kf1 Ra3 61. Ke2 Ra2+ 62. Kf1 1/2-1/2

[Event "Mondiale Lampo FIDE 2022"]
[Site "Alma Ata"]
[Date "29.12.2022"]
[Round "5.15"]
[White "Petrov, Nikita"]
[Black "Van Foreest, Jorden"]
[Result "1-0"]
[WhiteTitle ""]
[BlackTitle ""]
[WhiteElo "2537"]
[BlackElo "2690"]
[WhiteFideId "4101286"]
[BlackFideId "1039784"]
[EventDate "29.12.2022"]

1. d4 d5 2. c4 e6 3. Nc3 Nf6 4. Bg5 dxc4 5. e4 c5 6. d5 exd5 7. Bxf6 Qxf6 8.
Nxd5 Qd8 9. Bxc4 Nc6 10. Nf3 Be7 11. O-O O-O 12. h3 Bf6 13. Qc2 Nd4 14. Nxf6+
Qxf6 15. Nxd4 cxd4 16. Rad1 Be6 17. Bxe6 Qxe6 18. Rxd4 Qxa2 19. Rd7 Rac8 20. Qd2
Qb3 21. Rc1 h6 22. Rxc8 Rxc8 23. Qd5 Qxd5 24. exd5 Rc1+ 25. Kh2 Rc2 26. Rxb7
Rxf2 27. d6 Rd2 28. d7 Kf8 29. Rxa7 Ke7 30. d8=Q+ Kxd8 31. Rxf7 Rxb2 32. Rxg7
Rb6 33. Rf7 Ke8 34. Rf4 Ke7 35. Kg3 Rb2 36. Rf2 Rxf2 37. Kxf2 Kf6 38. Kf3 Kf5
39. g4+ Kg5 40. Kg3 Kf6 41. Kf4 Ke6 42. Kf3 Ke5 43. Kg3 Kf6 44. Kf4 Ke6 45. Ke3
Ke5 46. h4 Kf6 47. Kd4 Ke6 48. Ke4 Kf6 49. Kd5 h5 50. g5+ Kf5 51. Kd6 Kg6 52.
Ke6 Kg7 53. Kf5 Kh7 54. Ke4 1-0

[Event "Mondiale Lampo FIDE 2022"]
[Site "Alma Ata"]
[Date "29.12.2022"]
[Round "5.16"]
[White "Ganguly, Surya Shekhar"]
[Black "Kadric, Denis"]
[Result "1-0"]
[WhiteTitle ""]
[BlackTitle ""]
[WhiteElo "2582"]
[BlackElo "2584"]
[WhiteFideId "5002150"]
[BlackFideId "14403803"]
[EventDate "29.12.2022"]

1. e4 d6 2. d4 Nf6 3. Nc3 e5 4. dxe5 dxe5 5. Qxd8+ Kxd8 6. Bc4 Ke8 7. Bd2 c6 8.
O-O-O Bd6 9. f4 Bg4 10. Nf3 Nbd7 11. Rhe1 Bc7 12. h3 Bxf3 13. gxf3 Nh5 14. fxe5
Bxe5 15. Ne2 b5 16. Bb3 Nc5 17. Be3 Ne6 18. Bxe6 fxe6 19. f4 Bc7 20. e5 Bb6 21.
Bxb6 axb6 22. Rd6 Kf7 23. Rxc6 Rxa2 24. Rc7+ Kg6 25. Rg1+ Kh6 26. Kd2 Rxb2 27.
Rc6 g6 28. Rxe6 Rc8 29. Nd4 Nxf4 30. Rd6 Rc5 31. e6 Nd5 32. Rd7 Rb4 33. Rg4 Nf6
34. e7 Re5 35. Rh4+ Kg5 36. Nf3+ Kf5 37. Rxb4 1-0

[Event "Mondiale Lampo FIDE 2022"]
[Site "Alma Ata"]
[Date "29.12.2022"]
[Round "5.17"]
[White "Sadhwani, Raunak"]
[Black "Quparadze, Giga"]
[Result "1/2-1/2"]
[WhiteTitle ""]
[BlackTitle ""]
[WhiteElo "2627"]
[BlackElo "2470"]
[WhiteFideId "35093487"]
[BlackFideId "13602250"]
[EventDate "29.12.2022"]

1. e4 c5 2. Nf3 e6 3. c3 d5 4. e5 d4 5. Na3 Bd7 6. cxd4 cxd4 7. Nxd4 Nc6 8. Nxc6
Bxc6 9. Nc2 Ne7 10. d4 Nf5 11. Be3 Nxe3 12. Nxe3 Qa5+ 13. Ke2 Qb5+ 14. Kd2 Qxb2+
15. Nc2 Be7 16. Bd3 Bg5+ 17. Ke2 O-O 18. h4 Bh6 19. Qb1 Qc3 20. Qb4 Qxb4 21.
Nxb4 Bxg2 22. Rhg1 Bc6 23. Nxc6 bxc6 24. Be4 Rfd8 25. Rgd1 Rab8 26. Rab1 Rxb1
27. Rxb1 g6 28. Rb4 Bf8 29. Rc4 Be7 30. Bxc6 Rc8 31. h5 gxh5 32. d5 exd5 33.
Bxd5 Rxc4 34. Bxc4 Kg7 35. f4 f6 36. exf6+ Kxf6 37. Kf3 Bd6 38. Bd3 h6 39. Be4
h4 40. Kg4 h3 41. Kxh3 Bxf4 42. Kg2 Ke5 43. Bh7 Bg5 44. Bg8 1/2-1/2

[Event "Mondiale Lampo FIDE 2022"]
[Site "Alma Ata"]
[Date "29.12.2022"]
[Round "5.18"]
[White "Tin, Jingyao"]
[Black "Rapport, Richard"]
[Result "1-0"]
[WhiteTitle ""]
[BlackTitle ""]
[WhiteElo "2562"]
[BlackElo "2740"]
[WhiteFideId "5804418"]
[BlackFideId "738590"]
[EventDate "29.12.2022"]

1. d4 e6 2. c4 c5 3. d5 d6 4. Nc3 g6 5. e4 Bg7 6. Nf3 Nf6 7. h3 O-O 8. Bd3 exd5
9. exd5 Re8+ 10. Be3 Rxe3+ 11. fxe3 Qe7 12. O-O Nbd7 13. Qd2 Nh5 14. Rf2 Ne5 15.
Nxe5 Qxe5 16. g4 Ng3 17. Rf3 h5 18. Qf2 hxg4 19. Rxg3 gxh3 20. Rf1 Qe7 21. Rf3
Qg5+ 22. Kh1 Bg4 23. Rxf7 Re8 24. Ne4 Qe5 25. Nf6+ Bxf6 26. Rxf6 Bf5 27. Bxf5
Qxf6 28. Be6+ 1-0

[Event "Mondiale Lampo FIDE 2022"]
[Site "Alma Ata"]
[Date "29.12.2022"]
[Round "5.19"]
[White "Mamedov, Rauf"]
[Black "Najer, Evgeniy"]
[Result "1-0"]
[WhiteTitle ""]
[BlackTitle ""]
[WhiteElo "2646"]
[BlackElo "2662"]
[WhiteFideId "13401653"]
[BlackFideId "4118987"]
[EventDate "29.12.2022"]

1. e4 e5 2. Nf3 Nc6 3. Bb5 a6 4. Ba4 Nf6 5. Nc3 Bc5 6. d3 d6 7. a3 h6 8. h3 Bd7
9. Bb3 Nd4 10. Nxd4 Bxd4 11. Ne2 Bb6 12. Ng3 Be6 13. Qf3 Bxb3 14. cxb3 g6 15.
O-O Qe7 16. b4 Nd7 17. Be3 Rd8 18. Ne2 Kf8 19. Rac1 Kg7 20. a4 c6 21. b5 axb5
22. axb5 Bxe3 23. Qxe3 c5 24. Nc3 Nb6 25. Ne2 Rhe8 26. b4 Rc8 27. Ra1 Rc7 28. f4
exf4 29. Nxf4 Qg5 30. Qf2 Qe5 31. Kh1 Rce7 32. Rac1 Rc7 33. bxc5 dxc5 34. d4 Qe7
35. dxc5 Nd7 36. Nd5 1-0

[Event "Mondiale Lampo FIDE 2022"]
[Site "Alma Ata"]
[Date "29.12.2022"]
[Round "5.20"]
[White "Ansat, Aldiyar"]
[Black "Bluebaum, Matthias"]
[Result "0-1"]
[WhiteTitle ""]
[BlackTitle ""]
[WhiteElo "2291"]
[BlackElo "2657"]
[WhiteFideId "13715658"]
[BlackFideId "24651516"]
[EventDate "29.12.2022"]

1. e4 e6 2. d4 d5 3. Nc3 Nf6 4. Bg5 dxe4 5. Nxe4 Be7 6. Bxf6 gxf6 7. Nf3 f5 8.
Nc3 a6 9. a3 c5 10. d5 Bf6 11. Qd2 e5 12. a4 e4 13. Ng1 O-O 14. Bc4 Qd6 15. Nge2
Nd7 16. Ng3 Ne5 17. Be2 Bg7 18. Qg5 Qg6 19. h4 Bd7 20. Nh5 h6 21. Qe3 Nc4 22.
Qf4 Be5 23. Qc1 b5 24. Nf4 Qd6 25. g3 Nxb2 26. Qxb2 b4 27. O-O bxc3 28. Qc1 Rab8
29. Qe3 Bd4 30. Qc1 Kh7 31. Kh2 Rg8 32. Rb1 Rb2 33. Bh5 Rg7 34. Qd1 Be5 35. Ne2
Bxa4 36. Rc1 f4 37. Qe1 Rxc2 38. Rxc2 Bxc2 39. Nxc3 fxg3+ 40. Kh1 g2+ 0-1